Microeconomics (Record no. 3730)

000 -LEADER
fixed length control field 00385nam a22001577a 4500
003 - CONTROL NUMBER IDENTIFIER
control field Nust
005 - DATE AND TIME OF LATEST TRANSACTION
control field 20170105101223.0
008 - FIXED-LENGTH DATA ELEMENTS--GENERAL INFORMATION
fixed length control field 161129b xxu||||| |||| 00| 0 eng d
040 ## - CATALOGING SOURCE
Original cataloging agency 0
Transcribing agency 0
082 ## - DEWEY DECIMAL CLASSIFICATION NUMBER
Edition number 338.5
100 ## - MAIN ENTRY--PERSONAL NAME
Relator code William J. Baumol
245 ## - TITLE STATEMENT
Title Microeconomics
Remainder of title theory and applications
260 ## - PUBLICATION, DISTRIBUTION, ETC.
Place of publication, distribution, etc. Australia
Name of publisher, distributor, etc. Cengage learning
Date of publication, distribution, etc. 2008
300 ## - PHYSICAL DESCRIPTION
Extent 448p
942 ## - ADDED ENTRY ELEMENTS (KOHA)
Source of classification or shelving scheme
Koha item type Book
Holdings
Withdrawn status Lost status Source of classification or shelving scheme Damaged status Not for loan Collection code Permanent Location Current Location Shelving location Date acquired Total Checkouts Total Renewals Full call number Barcode Date last seen Date last checked out Price effective from Koha item type
            NUST Law School (NLS) NUST Law School (NLS) General Stacks 11/29/2016 1 1 338.5 BAU S3H-N-1143 10/09/2019 09/18/2019 11/29/2016 Book
© 2023 Central Library, National University of Sciences and Technology. All Rights Reserved.